Harmonizace účetní závěrky v rámci Evropské unie

Štvrtá direktíva Európskej únie sa zaoberá tým, aké položky majú byť vykázané v účtovnej závierke. Klasifikácia aktív a záväzkov v súvahe. Vzory súvahy podľa požiadaviek 4. direktívy EÚ. Oceňovanie položiek súvahy.

Salvato in:
Dettagli Bibliografici
Autore principale: Kovanicová, Dana
Natura: Capitolo di libro
Lingua:ceco
Soggetti:
Tags: Aggiungi Tag
Nessun Tag, puoi essere il primo ad aggiungerne!!

MARC

LEADER 00000naa a2200000 4500
001 r040052
005 20230913085222.0
041 0 |a cze 
044 |a CZ 
245 1 0 |a Harmonizace účetní závěrky v rámci Evropské unie  |c Dana Kovanicová 
520 |a Štvrtá direktíva Európskej únie sa zaoberá tým, aké položky majú byť vykázané v účtovnej závierke. Klasifikácia aktív a záväzkov v súvahe. Vzory súvahy podľa požiadaviek 4. direktívy EÚ. Oceňovanie položiek súvahy. 
610 2 0 |a závierka účtovná 
610 2 0 |a Európska únia 
610 2 0 |a účtovníctvo 
610 2 0 |a smernice 
610 2 0 |a súvaha 
610 2 0 |a aktíva 
610 2 0 |a záväzky podniku 
610 2 0 |a investície 
610 2 0 |a oceňovanie 
100 1 |a Kovanicová, Dana